<?xml version="1.0" encoding="UTF-8"?>
<marc:record xmlns:marc="http://www.loc.gov/MARC21/slim">
   <marc:leader>00000nam a2200000 a 4500</marc:leader>
   <marc:datafield ind1="0" ind2="0" tag="245">
      <marc:subfield code="a">Garten + Haus - Ausgabe 05/2026. - 05/2026</marc:subfield>
   </marc:datafield>
   <marc:datafield ind1=" " ind2="1" tag="264">
      <marc:subfield code="c">2026</marc:subfield>
   </marc:datafield>
   <marc:datafield ind1="1" ind2=" " tag="490">
      <marc:subfield code="a">Garten + Haus</marc:subfield>
   </marc:datafield>
   <marc:datafield ind1="1" ind2=" " tag="520">
      <marc:subfield code="a">Schwebende Blütenkugeln
- Hanging Baskets - üppige Blütenfülle zum Aufhängen
- Warum diese Pflanzkörbe keine Blumenampeln sind
- So bepflanzen Sie Hanging Baskets richtig

Neuer Trend: Was Chaos Gardening wirklich bringt
Kunststoffzeitalter: Wie viel Mikroplastik ist im Ihrem Gemüsebeet?

10 Grilltipps für mehr Genuss
Spinatgemüse für den ganzen Sommer</marc:subfield>
   </marc:datafield>
</marc:record>
